| 000 | 00509nac a22001331u 4500 | ||
|---|---|---|---|
| 008 | 080902s1950 eu||||| |||| 00| 0 ara d | ||
| 082 |
_a189.092 _bك ن د _222 |
||
| 245 |
_aرسائل الكندي الفلسفية : _cتحقيق محمد عبد الهادي أبو ريدة . |
||
| 260 |
_aالقاهرة : _bدار الفكر العربي ، 1950. _c1950. |
||
| 300 |
_a2 مج ؛ _c24 سم . |
||
| 511 | _aCatalogued by: Sara | ||
| 541 |
_aالف باء ؛ _cشراء ؛ |
||
| 942 |
_cBB _k189.092 ك ن د _2ddc |
||
| 999 |
_c5894 _d5894 |
||